[Event "XII Open"]
[Site "Balaguer ESP"]
[Date "2007.07.18"]
[Round "3"]
[White "Lorenzo de la Riva,L"]
[Black "Bhat,V"]
[Result "1-0"]
[WhiteElo "2332"]
[BlackElo "2450"]

1.e4 e6 2.d4 d5 3.Nd2 Be7 4.Ngf3 Nf6 5.e5 Nfd7 6.Bd3 c5 7.c3 Nc6 8.O-O a5
9.a4 cxd4 10.cxd4 Nb4 11.Bb5 O-O 12.Ne1 Nb6 13.Ra3 f5 14.Rh3 Bd7 15.Qh5 h6
16.Rg3 f4 17.Rg4 Rf5 18.Qxh6 Rg5 19.Rxg5 Bxg5 20.Qg6 Bh6 21.Ndf3 Nxa4 22.Bxd7 Qxd7
23.g4 Rc8 24.Bd2 Nxb2 25.g5 Qf7 26.Qxf7+ Kxf7 27.gxh6 gxh6 28.Bxb4 axb4 29.Nd2 Rc3
30.Nef3 Nc4 31.Rb1 Rd3 32.Nxc4 dxc4 33.Ne1 Rb3 34.Rxb3 cxb3 35.Nd3 f3 36.Kf1 Kg6
37.Ke1 Kf5 38.d5 b2 39.Nxb2 Kxe5 40.dxe6 Kxe6 41.Kd2 Kd5 42.Ke3 b3 43.Kxf3 Kd4
44.Ke2 Kc3 45.Nd1+ Kd4 46.Kd2 h5 47.Ke2 h4 48.f3 b6 49.Kd2 b5 50.Ke2 Kd5
51.Ke3 Ke5 52.f4+ Kd5 53.Kd3 h3 54.Ne3+ Kc5 55.Kc3 b2 56.Kxb2 Kd4 57.f5 Kxe3
58.f6 Kf2 59.f7 Kg2 60.f8=Q Kxh2 61.Qf2+ Kh1 62.Qg3 h2 63.Kc2  1-0

[Event "Czech Open GMA"]
[Site "Pardubice CZE"]
[Date "2007.07.20"]
[Round "1"]
[White "Danes,J"]
[Black "Stark,L"]
[Result "0-1"]
[WhiteElo "2235"]
[BlackElo "2430"]

1.e4 e6 2.d4 d5 3.Nd2 Nc6 4.Ngf3 Nf6 5.e5 Nd7 6.Be2 f6 7.exf6 Qxf6 8.Nf1 Bd6
9.Ne3 O-O 10.O-O Qg6 11.c4 Nf6 12.g3 b6 13.b3 Bb7 14.Bb2 Rad8 15.cxd5 Nxd5
16.Nxd5 exd5 17.Nh4 Qg5 18.Ng2 Ne7 19.f4 Qf6 20.Qd2 a5 21.Ne3 Nf5 22.Nxf5 Qxf5
23.Bf3 Rde8 24.Rae1 Rxe1 25.Qxe1 Qg6 26.Qd1 Rxf4 27.Bg2 Rxf1+ 28.Kxf1 Qe6
29.Qe2 Qxe2+ 30.Kxe2 Kf7 31.Bc1 c6 32.Bh3 Ba6+ 33.Kd2 Be7 34.Bd7 Bb7 35.Kc2 Bf6
36.Be3 Ke7 37.Bh3 Ba6 38.Bg4 Bf1 39.Bf3 Bh3 40.g4 h6 41.Bf4 Bxd4 42.Kd3 Bc5
43.Ke2 Ke6 44.Bc7 g5 45.a4 Kd7 46.Be5 Bd6 47.Bg7 Ke6 48.Bd4 c5 49.Bg1 Be5  0-1

[Event "ch-MNE w"]
[Site "Cetinje MNE"]
[Date "2007.07.21"]
[Round "2"]
[White "Vujosevic,Sn"]
[Black "Vojinovic,J"]
[Result "0-1"]
[WhiteElo "1998"]
[BlackElo "2217"]

1.e4 e6 2.d4 d5 3.Nd2 Be7 4.c3 c5 5.exd5 Qxd5 6.Ngf3 cxd4 7.Nxd4 e5 8.Nb5 Na6
9.c4 Qe6 10.Nf3 e4 11.Nfd4 Qg6 12.Qa4 Bd7 13.Be3 Bb4+ 14.Bd2 Bxd2+ 15.Kxd2 Ne7
16.Qa3 Qg5+ 17.Qe3 Qf6 18.Rd1 O-O 19.Kc1 Nc5 20.Be2 Rac8 21.Kb1 Nd3 22.Bxd3 exd3
23.b3 Rfd8 24.Rd2 Bxb5 25.Nxb5 a6 26.Na3 Qd6 27.Kb2 b5 28.Re1 Qb4 29.Nc2 dxc2
30.Rxd8+ Rxd8 31.Qxe7 c1=Q+ 32.Kxc1 Qd2+ 33.Kb1 h6 34.cxb5 Qd3+ 35.Kb2 Qd2+
36.Kb1 axb5 37.Qe2 Qb4 38.Qe7 Rd1+ 39.Kc2  0-1

[Event "Czech Open GMA"]
[Site "Pardubice CZE"]
[Date "2007.07.21"]
[Round "2"]
[White "Cernousek,L"]
[Black "Teske,H"]
[Result "1/2-1/2"]
[WhiteElo "2405"]
[BlackElo "2578"]

1.e4 e6 2.d4 d5 3.Nd2 Be7 4.Ngf3 Nf6 5.e5 Nfd7 6.c3 c5 7.Be2 Nc6 8.O-O Qb6
9.Nb3 O-O 10.Nxc5 Nxc5 11.dxc5 Qc7 12.Be3 Nxe5 13.Nxe5 Qxe5 14.Bd3 Qc7 15.b4 b6
16.cxb6 axb6 17.Qc2 f5 18.f4 Bf6 19.Bd4 Bxd4+  1/2-1/2

[Event "OK Open"]
[Site "Stillwater USA"]
[Date "2007.07.21"]
[Round "3"]
[White "Trammell,G"]
[Black "Abrahamyan,T"]
[Result "0-1"]
[WhiteElo "2069"]
[BlackElo "2237"]

1.e4 e6 2.d4 d5 3.Nd2 Be7 4.Ngf3 Nf6 5.e5 Nfd7 6.Bd3 c5 7.c3 Nc6 8.O-O a5
9.Re1 cxd4 10.cxd4 Qb6 11.Qa4 Ndb8 12.Qc2 Bd7 13.a3 g5 14.h3 h5 15.Nb3 g4
16.hxg4 hxg4 17.Nh2 a4 18.Nc5 Nxd4 19.Nxd7 Nxd7 20.Qd1 Rxh2 21.Kxh2 Nf3+
22.Kg3 Bh4+ 23.Kxg4 Qd4+ 24.Be4 Qxf2 25.Bxf3 Qg3+ 26.Kh5 Ke7 27.Bh6 Rh8 28.Bg4 Qf4  0-1

[Event "29th Politiken Cup"]
[Site "Copenhagen DEN"]
[Date "2007.07.22"]
[Round "2"]
[White "Andersen,Mad"]
[Black "Christensen,St"]
[Result "1/2-1/2"]
[WhiteElo "2070"]
[BlackElo "2280"]

1.e4 e6 2.d4 d5 3.Nd2 Be7 4.Bd3 c5 5.dxc5 Nf6 6.Qe2 O-O 7.Ngf3 a5 8.a4 Na6
9.e5 Nd7 10.c3 Naxc5 11.Bc2 b6 12.Nd4 Qc7 13.f4 Ba6 14.Nb5 Bxb5 15.axb5 f5
16.Nf3 Rfe8 17.Nd4 Bf8 18.g4 g6 19.gxf5 exf5 20.Qg2 Ne4 21.Bxe4 fxe4 22.h4 Nc5
23.Rh3 Nd3+ 24.Rxd3 exd3 25.Qxd5+ Qf7 26.Qxf7+ Kxf7 27.Be3 Bc5 28.Kd2 h6
29.Rg1 a4 30.Kxd3 Ra5 31.Ke4 Bxd4 32.cxd4 Rxb5 33.f5 gxf5+ 34.Kxf5 Rxb2 35.Bxh6 Rf2+
36.Bf4 Rd8 37.e6+ Kf8 38.Ke5 Rxf4 39.Kxf4 Rxd4+ 40.Ke5 Rxh4 41.Kd6 Rd4+ 42.Kc6 Rb4
43.Kd6 Rd4+  1/2-1/2

[Event "11th Festival Open A"]
[Site "Senta SRB"]
[Date "2007.07.22"]
[Round "3"]
[White "Markovic,Zo"]
[Black "Vasic,Dr"]
[Result "1-0"]
[WhiteElo "2186"]
[BlackElo "2209"]

1.e4 e6 2.d4 d5 3.Nd2 Nc6 4.Ngf3 Nf6 5.e5 Nd7 6.Bb5 Be7 7.Nb3 a5 8.a4 Nb4
9.O-O c6 10.Be2 b6 11.c3 Na6 12.Bd3 c5 13.Bb1 Bb7 14.Re1 Nc7 15.h3 Bc6 16.Nh2 h5
17.Qf3 Nf8 18.Bc2 g6 19.Qg3 c4 20.Nd2 b5 21.axb5 Bxb5 22.Ndf3 Nh7 23.Qf4 Nf8
24.h4 Rh7 25.Qg3 Kd7 26.Bg5 Ne8 27.Bxe7 Qxe7 28.Ng5 Rg7 29.Ra3 Kc6 30.Rea1 Qc7
31.b3 cxb3 32.Bxb3 Ra6 33.Ba4 Nd7 34.c4 Bxa4 35.cxd5+ Kb7 36.d6 Qb6 37.Rxa4 Ka7
38.Qc3  1-0

[Event "MTO"]
[Site "Biel SUI"]
[Date "2007.07.24"]
[Round "2"]
[White "Kaplan,S"]
[Black "Rodshtein,M"]
[Result "1/2-1/2"]
[WhiteElo "2437"]
[BlackElo "2586"]

1.e4 e6 2.d4 d5 3.Nd2 Be7 4.Bd3 c5 5.dxc5 Nf6 6.Qe2 O-O 7.Ngf3 a5 8.O-O Na6
9.e5 Nd7 10.c4 Naxc5 11.Bc2 b6 12.b3 Bb7 13.Bb2 Qb8 14.Rad1 Rc8 15.Rfe1 Nf8
16.Bb1 a4 17.Qe3 axb3 18.axb3 Ng6 19.h4 h6 20.h5 Nf8 21.Nh2 Bg5 22.f4 Bh4
23.Rf1 dxc4 24.Nxc4 Ba6 25.Nf3 Be7 26.Rc1 Ra7 27.Kh2 Rac7 28.Nfd2 Rd7 29.Ne4 Nxe4
30.Bxe4 Bc5 31.Qg3 Bd4 32.Ba3 Bxc4 33.Rxc4 Rxc4 34.bxc4 Bc5 35.Bxc5 bxc5
36.f5 exf5 37.Rxf5 Re7 38.Bd5 Ne6 39.Rf6 Ng5 40.Rc6 Rxe5 41.Rxc5 Re8  1/2-1/2

[Event "29th Politiken Cup"]
[Site "Copenhagen DEN"]
[Date "2007.07.24"]
[Round "5"]
[White "Soraas,T"]
[Black "Arvola,B"]
[Result "1/2-1/2"]
[WhiteElo "2155"]
[BlackElo "2022"]

1.e4 e6 2.d4 d5 3.Nd2 Nc6 4.Ngf3 Nf6 5.e5 Nd7 6.Nb3 a5 7.a4 Be7 8.Bb5 Na7
9.Bd3 b6 10.O-O c5 11.c4 Bb7 12.Bf4 Rc8 13.Qe2 cxd4 14.Nfxd4 Nc5 15.Nxc5 Bxc5
16.Nf3 h6 17.Nd2 d4 18.Ne4 Bxe4 19.Qxe4 Qc7 20.Bd2 Nc6 21.Rae1 Ne7 22.Qg4 g6
23.Qf4 Nf5 24.g4 g5 25.Qe4 Ne7 26.f4 Qc6 27.Qxc6+ Nxc6 28.fxg5 hxg5 29.Bxg5 Rg8
30.Bf4  1/2-1/2

[Event "29th Politiken Cup"]
[Site "Copenhagen DEN"]
[Date "2007.07.24"]
[Round "5"]
[White "Zelbel,P"]
[Black "Antonsen,M"]
[Result "0-1"]
[WhiteElo "2193"]
[BlackElo "2397"]

1.e4 e6 2.d4 d5 3.Nd2 Be7 4.e5 c5 5.Qg4 g6 6.dxc5 Nd7 7.Ngf3 Nxc5 8.Nb3 Ne4
9.Bd3 f5 10.Qf4 g5 11.Qe3 Nh6 12.Qe2 Nf7 13.Nfd4 a6 14.f4 gxf4 15.Bxf4 Bg5
16.Qe3 Rg8 17.Nf3 Bxf4 18.Qxf4 Qb6 19.Nbd4 Qb4+ 20.Kf1 Qxb2 21.Rd1 Rg4 22.Qe3 Bd7
23.Qe1 Qc3 24.Qe2 Qc7 25.Re1 Nxe5 26.Bxe4 dxe4 27.Nxe5 Qxe5  0-1

[Event "MTO"]
[Site "Biel SUI"]
[Date "2007.07.25"]
[Round "3"]
[White "Tseshkovsky,V"]
[Black "Nepomniachtchi,I"]
[Result "1/2-1/2"]
[WhiteElo "2513"]
[BlackElo "2613"]

1.e4 e6 2.d4 d5 3.Nd2 Be7 4.c3 c5 5.dxc5 Nf6 6.exd5 exd5 7.Nb3 O-O 8.Nf3 Qc7
9.Be2 Nbd7 10.Bg5 Nxc5 11.Nxc5 Qxc5 12.O-O Re8 13.Qd4 Qxd4 14.Nxd4 h6 15.Bh4 g5
16.Bg3 Bc5 17.Bb5 Bd7 18.Bxd7 Nxd7 19.Rad1 Nf6 20.f3 Re2 21.Rf2 Bxd4  1/2-1/2

[Event "Quebec Open"]
[Site "Montreal CAN"]
[Date "2007.07.25"]
[Round "6"]
[White "De la Paz Perdomo,F"]
[Black "Sambuev,B"]
[Result "1/2-1/2"]
[WhiteElo "2452"]
[BlackElo "2482"]

1.e4 e6 2.d4 d5 3.Nd2 Be7 4.e5 c5 5.Qg4 Kf8 6.dxc5 Nc6 7.Qg3 h5 8.h4 Nh6
9.Ngf3 Ng4 10.Nb3 a5 11.a4 b6 12.cxb6 Qxb6 13.Bb5 Ba6 14.O-O Bxb5 15.axb5 Qxb5
16.Nfd4 Nxd4 17.Nxd4 Qb6 18.Ra4 Bc5 19.Nb3 Bb4 20.Bg5 Rc8 21.c3 Bxc3 22.bxc3 Qxb3
23.Rxa5 Kg8 24.Rc1 d4 25.Qd3 dxc3 26.Qd7 Qc4 27.f3 Nh6 28.Ra7 Qc6 29.Bxh6 Qxd7
30.Rxd7 Rxh6 31.Rd3 Rc5 32.Re3 Rc4 33.g3 Rg6 34.Kf2 Rd4 35.Rc2 Rd1 36.Rexc3 Rh1
37.f4 Rh2+ 38.Kf3 Rh3 39.Rg2 Rg4 40.Rc8+ Kh7 41.Kf2 Rh1 42.Rc3 Kg6 43.Rg1 Rh2+
44.Rg2 Rh1 45.Rg1 Rh2+  1/2-1/2

[Event "29th Politiken Cup"]
[Site "Copenhagen DEN"]
[Date "2007.07.27"]
[Round "8"]
[White "Skovgaard,T"]
[Black "Dalberg,P"]
[Result "1/2-1/2"]
[WhiteElo "2000"]
[BlackElo "2205"]

1.e4 e6 2.d4 d5 3.Nd2 Be7 4.Bd3 c5 5.dxc5 Nd7 6.exd5 exd5 7.Nb3 Ngf6 8.Nf3 O-O
9.O-O Nxc5 10.Nxc5 Bxc5 11.c3 Re8 12.Bg5 a6 13.Bc2 Be6 14.Qd3 h6 15.Bh4 Be7
16.Bxf6 Bxf6 17.Bb3 Qa5  1/2-1/2

[Event "Czech Open GMA"]
[Site "Pardubice CZE"]
[Date "2007.07.27"]
[Round "8"]
[White "Mista,A"]
[Black "Podolchenko,E"]
[Result "0-1"]
[WhiteElo "2553"]
[BlackElo "2458"]

1.e4 e6 2.d4 d5 3.Nd2 Nc6 4.Ngf3 Nf6 5.e5 Nd7 6.Nb3 a5 7.a4 b6 8.h4 Ne7 9.Be3 h6
10.g4 Ba6 11.Bxa6 Rxa6 12.h5 Qc8 13.Nh4 c5 14.f4 Nc6 15.c3 cxd4 16.cxd4 Ra7
17.O-O Be7 18.Ng2 Rc7 19.f5 Nb4 20.Qf3 O-O 21.Qg3 Nc2 22.g5 Bxg5 23.Bxg5 hxg5
24.f6 gxf6 25.exf6 Kh7 26.Rac1 Rc6 27.Kh1 Rg8 28.Rcd1 Qa6 29.Rf2 Nb4 30.Ne1 Kh6
31.Nf3 Qc4 32.Nc1 Rcc8 33.Rg1 Qc7 34.Qg2 Qf4 35.Ne2 Qe3 36.Nh2 Qe4 37.Ng4+ Kh7
38.Qxe4+ dxe4 39.Nc3 Rc4 40.Rd2 Nd5 41.Nxe4 Rxa4 42.Rc1 Nc5 43.Nxc5 bxc5
44.Rxc5 Rb8 45.Ne5 Rb7 46.Nf3 Kh6 47.Rg2 Ra1+ 48.Kh2 g4 49.Ne5 Nxf6 50.Rcc2 Kxh5
51.Rc8 Ra2 52.Nf3 Rbxb2  0-1

[Event "ch-MNE w"]
[Site "Cetinje MNE"]
[Date "2007.07.28"]
[Round "9"]
[White "Neric,J"]
[Black "Vojinovic,J"]
[Result "0-1"]
[WhiteElo "1882"]
[BlackElo "2217"]

1.e4 e6 2.d4 d5 3.Nd2 Be7 4.Ngf3 Nf6 5.e5 Nfd7 6.Be2 c5 7.c3 Nc6 8.O-O a5
9.Bb5 Qb6 10.Qa4 Na7 11.Bxd7+ Bxd7 12.Qb3 Qc7 13.Re1 a4 14.Qd1 a3 15.c4 dxc4
16.Nxc4 Nb5 17.Nxa3 Nxa3 18.bxa3 c4 19.Re3 Bc6 20.Bb2 Bd5 21.Nd2 Qc6 22.Qg4 g6
23.Rc1 h5 24.Qg3 h4 25.Qg4 Rh5 26.f4 b5 27.Nf3 Bxf3 28.Qxf3 Qxf3 29.Rxf3 Kd7
30.Rb1 Kc6 31.Kf2 Ra7 32.Re1 Rh8 33.Ree3 b4 34.axb4 Rxa2 35.Re2 Bxb4 36.Bc3 Rxe2+
37.Kxe2 Be7 38.g3 hxg3 39.hxg3 Kd5 40.Re3  0-1

[Event "Sun Pawn Open"]
[Site "Ilichevsk UKR"]
[Date "2007.07.28"]
[Round "8"]
[White "Yukhno,A"]
[Black "Aliferenko,A"]
[Result "1/2-1/2"]
[WhiteElo "2138"]
[BlackElo "2256"]

1.e4 e6 2.d4 d5 3.Nd2 a6 4.Bd3 c5 5.exd5 exd5 6.dxc5 Bxc5 7.Ngf3 Ne7 8.O-O Bg4
9.Nb3 Bb6 10.Re1 Nc6 11.Bg5 f6 12.Bf4 O-O 13.Be2 Ng6 14.Nfd4 Bxe2 15.Nxe2 Qd7
16.Qd2 Rad8 17.c3 Rfe8 18.Rad1 Re4 19.Bg3 h5 20.Nf4 Rxf4 21.Bxf4 Qg4 22.g3 Nce5
23.Bxe5 Nxe5 24.Qe2 Nf3+ 25.Kg2 Nxe1+ 26.Rxe1 Qxe2 27.Rxe2 Kf7 28.Rd2 g6
29.Nd4 Bc7 30.f4 Bb6 31.f5 gxf5 32.Nxf5 Bc7 33.Nd4 Be5 34.Kf3 Rd6 35.Ne2 Kg6
36.Nf4+ Bxf4 37.Kxf4 Re6 38.h3 Re1 39.b3 Rf1+ 40.Ke3 Rg1 41.Kf2 Rc1 42.Rxd5 Rxc3
43.Rd2 h4 44.gxh4 Rxh3 45.Rd7 b5 46.Kg2 Rc3 47.Rd2 b4 48.Re2 a5 49.Rd2 f5
50.Rf2 Kf6 51.Re2 f4 52.Rd2 Kf5 53.h5 Kg4 54.h6 Rg3+ 55.Kf1 Rc3 56.h7 Rc1+
57.Ke2 Rc8  1/2-1/2

[Event "Copa Puma Mercosur"]
[Site "Villa Martelli ARG"]
[Date "2007.07.29"]
[Round "7"]
[White "Flores Rios,M"]
[Black "Lemos,D"]
[Result "0-1"]
[WhiteElo "2391"]
[BlackElo "2456"]

1.e4 e6 2.d4 d5 3.Nd2 Be7 4.Bd3 c5 5.dxc5 Nf6 6.Qe2 O-O 7.Ngf3 a5 8.O-O Na6
9.exd5 exd5 10.Nb3 Nxc5 11.Bb5 Bg4 12.Nbd4 Nce4 13.Be3 Bc5 14.h3 Bh5 15.c3 a4
16.a3 Qb6 17.g4 Nxg4 18.hxg4 Bxg4 19.Qd3 Ra5 20.Ne5 Bh3 21.Rfe1 Qf6 22.Ndf3 Bf5
23.Qf1 Bd6 24.Bd4 Bxe5 25.Bxe5 Qg6+ 26.Kh1 Qh5+ 27.Nh2 Bh3 28.Qg1 Qxe5 29.Bd3 Qf4
30.Re2 Bf5 31.Rae1 Bg6  0-1

[Event "MTO"]
[Site "Biel SUI"]
[Date "2007.07.31"]
[Round "8"]
[White "Zenklusen,R"]
[Black "Rodshtein,M"]
[Result "0-1"]
[WhiteElo "2392"]
[BlackElo "2586"]

1.e4 e6 2.d4 d5 3.Nd2 Be7 4.Ngf3 Nf6 5.exd5 exd5 6.Bd3 O-O 7.O-O Bg4 8.Re1 c5
9.dxc5 Bxc5 10.Nb3 Bb6 11.Be3 Nc6 12.Bxb6 Qxb6 13.c3 a5 14.Rb1 Ne4 15.Re3 Rae8
16.Qc2 Nxf2 17.Bxh7+ Kh8 18.Rxe8 Ne4+ 19.Nfd4 Rxe8 20.Bxe4 dxe4 21.Qf2 Kg8
22.Re1 a4 23.Nxc6 Qxc6 24.Nd4 Qd5 25.a3 Bd7 26.Qf4 f6 27.h3 Kf7 28.Re3 Qe5
29.Qxe5 Rxe5 30.h4 f5 31.g3 Kg6 32.Kf2 Kh5 33.Re1 Kg4 34.Ke3 Re8 35.Rd1 Rh8
36.Ne2 Bb5 37.Nf4 Bd3 38.Ng6 Rh6 39.Ne5+ Kxg3 40.Rg1+ Kh2 41.Rxg7 Rxh4 42.Rf7 Rh3+
43.Kd4 Bc2 44.Rxf5 Kg2 45.Rg5+ Kf2 46.Ng4+ Ke2 47.Re5 Kd2 48.Nf2 Rh4  0-1

[Event "Sun Pawn A"]
[Site "Ilichevsk UKR"]
[Date "2007.07.31"]
[Round "11"]
[White "Zernyshkin,V"]
[Black "Kagramanianz,V"]
[Result "1-0"]
[WhiteElo "2159"]
[BlackElo "2256"]

1.e4 e6 2.d4 d5 3.Nd2 Nc6 4.Ngf3 Nf6 5.e5 Nd7 6.c3 f6 7.exf6 Qxf6 8.Bb5 Bd6
9.O-O O-O 10.Nb3 Ne7 11.Bg5 Qf7 12.Qe2 c6 13.Bxe7 Qxe7 14.Bd3 Nf6 15.Ne5 Bd7
16.Rae1 Be8 17.h3 Nh5 18.Qc2 g6 19.Re3 Nf4 20.Rfe1 c5 21.Bf1 Ba4 22.g3 cxd4
23.cxd4 Rac8 24.Rc3 Rxc3 25.bxc3 Bxe5 26.Rxe5 Nh5 27.Qe2 Bxb3 28.axb3 Ng7
29.Rxd5 Qa3 30.Rd7 Rf7 31.Rd8+ Rf8 32.Rxf8+ Kxf8 33.Qf3+  1-0

[Event "Proclient Cup IMA"]
[Site "Olomouc CZE"]
[Date "2007.08.01"]
[Round "1"]
[White "Groetz,H"]
[Black "Wiley,To"]
[Result "1/2-1/2"]
[WhiteElo "2347"]
[BlackElo "2318"]

1.e4 e6 2.d4 d5 3.Nd2 Nc6 4.Ngf3 Nf6 5.e5 Nd7 6.c3 f6 7.exf6 Qxf6 8.Be2 Bd6
9.Nf1 O-O 10.Ng3 e5 11.dxe5 Ndxe5 12.O-O Be6 13.Ng5 Bf7 14.f4 Nc4 15.Bxc4 Bc5+
16.Kh1 dxc4 17.N3e4 Qe7 18.f5 Rad8 19.Qe1 Bd5 20.Nxc5 Qxc5 21.Ne6 Bxe6 22.Qxe6+ Kh8
23.Be3 Qd5 24.Bg5 Qxe6 25.fxe6 Rxf1+ 26.Rxf1 Re8 27.Rf7 h6 28.Bh4 Rxe6 29.Rxc7 Na5
30.h3 Re2 31.b4 cxb3 32.axb3 Nxb3 33.Rxb7 Nc5 34.Rxa7 Ne4 35.Be7 Nxc3 36.Bf8 Ne4
37.Bxg7+ Kh7 38.Bd4+ Kg6 39.Kh2 h5 40.Ra6+ Kf7 41.Rh6 Rd2 42.Be5 Rd5 43.Bh8 Rf5
44.Bd4  1/2-1/2

[Event "Open NK"]
[Site "Dieren NED"]
[Date "2007.08.02"]
[Round "9"]
[White "Bitalzadeh,A"]
[Black "Nederlof,J"]
[Result "1-0"]
[WhiteElo "2390"]
[BlackElo "2090"]

1.e4 e6 2.d4 d5 3.Nd2 Nc6 4.Ngf3 Nf6 5.e5 Nd7 6.Be2 f6 7.exf6 Qxf6 8.Nf1 Bd6
9.Ne3 Nb6 10.O-O Bd7 11.a4 a5 12.c3 O-O-O 13.b4 e5 14.bxa5 Nxa5 15.dxe5 Bxe5
16.Nxd5 Nxd5 17.Qxd5 Bxc3 18.Bg5 Qc6 19.Qxc6 Bxc6 20.Bxd8 Bxa1 21.Bxc7 Kxc7
22.Rxa1 Nb3 23.Ra3 Nc5 24.a5 Re8 25.Kf1 Re4 26.Ng5 Rb4 27.f3 h6 28.Nf7 Nb3
29.Ne5 Nd4 30.a6 bxa6 31.Nxc6 Nxc6 32.Rxa6 Rb2 33.Ra4 Rb4 34.Ra8 Kd6 35.Ra6 Kc5
36.Kf2 Kd5 37.Bd3 Nd4 38.Rg6 Ne6 39.Bf5 Nf4 40.Rxg7 Rb2+ 41.Kg1 Ke5 42.Bh7 Ra2
43.h4 Ra1+ 44.Kh2 Ra2 45.Rg8 Ke6 46.Re8+ Kd7 47.Re4 Nh5 48.Bf5+ Kd8 49.Kh3 Rf2
50.Bg6 Ng7 51.f4 Kd7 52.g4 Rf1 53.g5 hxg5 54.fxg5 Kd6 55.Kg2 Rf8 56.Kg3 Ne6
57.Kg4 Rf1 58.Kh5 Kd5 59.Ra4 Nc5 60.Ra5 Rf4 61.Bb1 Kd6 62.Rxc5 Kxc5 63.g6  1-0

[Event "94th ch-GBR"]
[Site "Great Yarmouth ENG"]
[Date "2007.08.02"]
[Round "4"]
[White "Adams,D"]
[Black "Wilson,A"]
[Result "1-0"]
[WhiteElo "2234"]
[BlackElo "2066"]

1.e4 e6 2.d4 d5 3.Nd2 Be7 4.Ngf3 Nf6 5.e5 Nfd7 6.Bd3 c5 7.c3 Nc6 8.O-O a5
9.Re1 g5 10.g4 cxd4 11.cxd4 h5 12.h3 Qb6 13.gxh5 a4 14.Bf1 Nxd4 15.Nxd4 Qxd4
16.Qg4 Bc5 17.Qxd4 Bxd4 18.Nf3 Bc5 19.Bxg5 Rxh5 20.h4 b6 21.Rec1 Bb7 22.Be2 Rh8
23.Kg2 f6 24.exf6 Kf7 25.Bb5 Nxf6 26.Ne5+ Kg7 27.Re1 Ne4 28.f3 Bd6 29.Ng4 Nxg5
30.hxg5 Bc8 31.Rac1 Ra5 32.Bc6 Bf4 33.Rc2 Bxg5 34.Bb7 Rc5 35.Rxc5 bxc5 36.Bxc8 Rxc8
37.Rxe6 d4 38.Ne5 Kh7 39.Nc4 Bf4 40.Re4 Bc1 41.Re1 Bh6 42.Kf2 Rd8 43.Re7+ Kg6
44.Re6+ Kh7 45.Rc6 Bf8 46.f4 Re8 47.Ne5 Rb8 48.Nd3 Kg7 49.Kf3 Kf7 50.Ke4 Ke7
51.Kd5 Kd7 52.Ra6 Kc7 53.Rxa4 Rd8+ 54.Ke4 Kb6 55.b3 Re8+ 56.Ne5 Bd6 57.Rc4 Kb5
58.Rc2 Kb4 59.Kd3 Bxe5 60.Re2 Kb5 61.fxe5 Kc6 62.Ke4 Rh8 63.Rf2 Rh4+ 64.Rf4 Rh2
65.Rf6+ Kd7 66.Ra6 Re2+ 67.Kd5 d3 68.Ra7+ Ke8 69.Ke6 Kf8 70.Ra8+ Kg7 71.Rd8 d2
72.Rd3 Kg6 73.Kd5 Kf5 74.Kxc5 Kxe5 75.a4 Ke4 76.Kc4 Rh2 77.a5 Rg2 78.b4 Rg4
79.Rxd2 Ke3+ 80.Kc3 Rg6 81.Rd7  1-0

[Event "Ave-Kontakt Cup IMC"]
[Site "Olomouc CZE"]
[Date "2007.08.03"]
[Round "3"]
[White "Plat,V"]
[Black "Kaufman,R"]
[Result "0-1"]
[WhiteElo "2279"]
[BlackElo "2310"]

1.e4 e6 2.d4 d5 3.Nd2 Nc6 4.c3 e5 5.dxe5 dxe4 6.Qa4 e3 7.fxe3 Nh6 8.Ngf3 Bc5
9.Nb3 Bb6 10.Nbd4 Bd7 11.Bb5 a6 12.Bxc6 bxc6 13.Nxc6 O-O 14.e6 fxe6 15.Nxd8 Bxa4
16.Nxe6 Rfe8 17.Ned4 c5 18.Nb3 Bb5 19.Bd2 Ng4 20.O-O-O Rad8 21.Rde1 Nf2 22.Rhg1 Nd3+
23.Kc2 Nxe1+ 24.Rxe1 Bd3+ 25.Kc1 a5 26.Na1 a4 27.Nc2 Bc4 28.e4 Bxa2 29.e5 Bd5
30.Na3 Bc7 31.Bf4 h6 32.Bg3 g5 33.h3 Bxf3 34.gxf3 Rd3 35.Nb5 Bb8 36.Rf1 Bxe5
37.Kc2 Re3 38.Bxe5 R8xe5 39.Nd6 Re2+ 40.Kd3 Re1 41.Rxe1 Rxe1 42.Ne4 Rf1 43.Ke3 Rh1
44.Nxc5 Rxh3 45.Kf2 Rh4 46.Kg3 Rc4 47.Nd7 Kg7 48.Nb6 Rxc3 49.Nxa4 Rb3 50.Nc5 Rxb2
51.f4 Rc2 52.Ne4 Rc4 53.Kf3 g4+ 54.Ke3 Rxe4+ 55.Kxe4 h5  0-1

[Event "Valoz Cup GMA"]
[Site "Olomouc CZE"]
[Date "2007.08.03"]
[Round "3"]
[White "Can,E"]
[Black "Maslak,K"]
[Result "1-0"]
[WhiteElo "2411"]
[BlackElo "2548"]

1.e4 e6 2.d4 d5 3.Nd2 Be7 4.Ngf3 Nf6 5.Bd3 c5 6.e5 Nfd7 7.c3 b6 8.Qe2 a5
9.Nf1 Ba6 10.Ng3 h6 11.Bxa6 Nxa6 12.O-O Nc7 13.dxc5 bxc5 14.c4 O-O 15.cxd5 exd5
16.Nf5 Ra6 17.Bf4 Rb6 18.Rad1 Re8 19.Nxe7+ Qxe7 20.Qd2 Qe6 21.Qc2 Reb8 22.Bc1 Qc6
23.Rfe1 Ne6 24.Nh4 Nd4 25.Qd3 Qb5 26.Qxb5 Rxb5 27.f4 g6 28.Re3 h5 29.Nf3 Nxf3+
30.Rxf3 d4 31.Rg3 R8b6 32.Kf2 Kf8 33.Ra3 Ke7 34.Kf3 Ke6 35.h3 Kd5 36.Rad3 Nb8
37.R3d2 Nc6 38.Re2 Nb4 39.a4 Na2 40.axb5 Rxb5 41.e6 fxe6 42.Re5+ Kd6 43.Rxd4+ cxd4
44.Rxb5 Nxc1 45.Rxa5 Nb3 46.Rb5 Nc5 47.b4 Na4 48.Rb8 Kd5 49.b5 Kc5 50.Rc8+ Kxb5
51.Ke4 Nb6 52.Rb8 Kc5 53.Rxb6 Kxb6 54.Kxd4 h4 55.Ke5 Kc5 56.Kxe6 Kd4 57.f5  1-0

[Event "US Open"]
[Site "Cherry Hill USA"]
[Date "2007.08.04"]
[Round "8"]
[White "Kudrin,S"]
[Black "Sarkar,J"]
[Result "1-0"]
[WhiteElo "2543"]
[BlackElo "2403"]

1.e4 e6 2.d4 d5 3.Nd2 Nc6 4.Ngf3 Nf6 5.e5 Nd7 6.Be2 f6 7.exf6 Qxf6 8.Nf1 Bd6
9.Ne3 O-O 10.O-O Qg6 11.g3 Nf6 12.Nh4 Qe8 13.f4 Ne7 14.Ng4 Ne4 15.Bd3 Nf5
16.Nf3 c5 17.c3 cxd4 18.cxd4 b6 19.Qe2 Bb7 20.Be3 Qg6 21.Nfe5 Bxe5 22.Nxe5 Nexg3
23.Qf3 Ne2+ 24.Kh1 Nexd4 25.Bxd4 Nxd4 26.Qf2 Qh5 27.Qxd4 Rf6 28.Rac1 Raf8
29.Rc7 Ba8 30.Rg1 g6 31.f5 exf5 32.Rxa7 f4 33.Rxa8 Rxa8 34.Qxd5+ Kg7 35.Qb7+ Kh6
36.Ng4+  1-0

[Event "Open"]
[Site "Dubna RUS"]
[Date "2007.08.04"]
[Round "1"]
[White "Kudrin,V1"]
[Black "Turutin,A"]
[Result "0-1"]
[WhiteElo "2032"]
[BlackElo "2331"]

1.e4 e6 2.d4 d5 3.Nd2 Nc6 4.Ne2 dxe4 5.Nxe4 Nf6 6.Nxf6+ Qxf6 7.Be3 b6 8.Qd2 Bb7
9.a3 Be7 10.b4 Rd8 11.Rd1 O-O 12.Qc1 a5 13.c3 axb4 14.axb4 e5 15.Qb2 exd4
16.Nxd4 Nxd4 17.Bxd4 Qg6 18.Qb1 Be4 19.Qc1 Bg5 20.Be3 Rxd1+ 21.Qxd1 Rd8 22.Qc1 Bxe3
23.fxe3 Qg4 24.Qa1 Bxg2 25.Bxg2 Qxg2  0-1

[Event "94th ch-GBR"]
[Site "Great Yarmouth ENG"]
[Date "2007.08.04"]
[Round "6"]
[White "Kosten,A"]
[Black "Pert,N"]
[Result "1/2-1/2"]
[WhiteElo "2508"]
[BlackElo "2536"]

1.e4 e6 2.d4 d5 3.Nd2 Be7 4.Ngf3 Nf6 5.e5 Nfd7 6.Bd3 c5 7.c3 b6 8.Qe2 cxd4
9.cxd4 a5 10.Bb5 Ba6 11.a4 Qc8 12.O-O Nc6 13.Rd1 Bxb5 14.axb5 Nb4 15.Nf1 Qc2
16.Bd2 O-O 17.Rdc1 Qd3 18.Ng3 Rac8 19.Bxb4 Qxe2 20.Nxe2 Bxb4 21.Nf4 Rfe8
22.Kf1 Be7 23.h4 h6 24.g3 g5 25.hxg5 hxg5 26.Nd3 g4 27.Nh2 f5 28.Nf4 Nf8
29.f3 gxf3 30.Nxf3 Kf7 31.Ke2 Red8 32.Kd3 Ke8 33.b3 Bb4 34.Ng5 Kd7 35.Nh5 Ke7
36.Nf6 Nd7 37.Nxd7 Kxd7 38.Rc6 Be7 39.Nxe6 Rxc6 40.Nxd8 Rg6 41.Nc6 Rxg3+
42.Kc2 Rg2+ 43.Kd3 Rg3+ 44.Kc2  1/2-1/2

[Event "94th ch-GBR"]
[Site "Great Yarmouth ENG"]
[Date "2007.08.04"]
[Round "6"]
[White "White,Mi"]
[Black "Lyell,M"]
[Result "1-0"]
[WhiteElo "2246"]
[BlackElo "2187"]

1.e4 e6 2.d4 d5 3.Nd2 Nc6 4.Ngf3 Nge7 5.c3 g6 6.Bd3 Bg7 7.Nf1 O-O 8.e5 Nf5
9.Ng3 Nh4 10.Nxh4 Qxh4 11.Be3 f5 12.Ne2 Nd8 13.Qd2 Nf7 14.O-O-O c5 15.Rdg1 Rb8
16.g4 fxg4 17.h3 g3 18.Rxg3 c4 19.Bc2 Bh6 20.Nf4 Bxf4 21.Bxf4 Kh8 22.Rg4 Qh5
23.f3 Bd7 24.Rhg1 Rg8 25.Qf2 g5 26.Be3 Rbf8 27.Qg3 Nh6 28.Rxg5 Rxg5 29.Bxg5  1-0

[Event "Tsiolkovsky Mem"]
[Site "Kaluga RUS"]
[Date "2007.08.04"]
[Round "2"]
[White "Fedorov,O"]
[Black "Potapov,Alexe"]
[Result "1/2-1/2"]
[WhiteElo "2222"]
[BlackElo "2280"]

1.e4 e6 2.d4 d5 3.Nd2 Be7 4.Ngf3 Nf6 5.e5 Ne4 6.Bd3 Nxd2 7.Bxd2 c5 8.c3 Qb6
9.b3 cxd4 10.cxd4 Nc6 11.Bc3 Bd7 12.O-O Rc8 13.Bb2 a5 14.Qe2 Nb4 15.Rfc1 O-O
16.Bb1 Rxc1+ 17.Bxc1 Rc8 18.Be3 Qc7 19.Qd2 Na6 20.h3 Bb5 21.a4 Bb4 22.Qd1 Bd7
23.Ng5 g6 24.Nxh7 Be7 25.Nf6+ Bxf6 26.exf6 Qc3 27.Ra2 Nb4 28.Re2 b5 29.Kh2 bxa4
30.bxa4 Qa1 31.Re1 e5 32.Qd2 e4 33.Bxe4 Qxa4 34.Bb1 Qc6 35.Bf4 Qxf6 36.Be5 Qh4
37.Rc1 Nc6 38.Rxc6 Rxc6 39.Qxa5 Rc1 40.Bxg6 Bxh3 41.g3 Qe7 42.Kxh3 Qe6+ 43.Kg2 fxg6
44.Qa7 Qf7 45.Qa8+ Qf8 46.Qxd5+ Qf7 47.Qa8+ Qf8 48.Qd5+ Qf7 49.Qd8+ Qf8 50.Qd5+  1/2-1/2

[Event "ch-AUT"]
[Site "Tweng AUT"]
[Date "2007.08.04"]
[Round "1"]
[White "Wittmann,W"]
[Black "Neubauer,M"]
[Result "1/2-1/2"]
[WhiteElo "2313"]
[BlackElo "2456"]

1.e4 e6 2.d4 d5 3.Nd2 a6 4.Ngf3 c5 5.dxc5 Bxc5 6.Bd3 Nc6 7.a3 Nge7 8.O-O O-O
9.exd5 exd5 10.Nb3 Ba7 11.Re1 h6 12.Be3 Bg4 13.Bxa7 Rxa7 14.Be2 Qb6 15.Nfd4  1/2-1/2

[Event "12th Open"]
[Site "Creon FRA"]
[Date "2007.08.05"]
[Round "9"]
[White "Daurelle,H"]
[Black "Louis,T"]
[Result "1/2-1/2"]
[WhiteElo "2249"]
[BlackElo "1959"]

1.e4 e6 2.d4 d5 3.Nd2 Nc6 4.c3 e5 5.dxe5 Nxe5 6.Ndf3 Nxf3+ 7.Nxf3 Be6 8.Qa4+ c6
9.Ng5 Nf6 10.Nxe6 fxe6 11.e5 Nd7 12.f4 Qb6 13.Be2 O-O-O 14.Qb3 Bc5 15.Qxb6 Bxb6
16.b4 g5 17.g3 Rhg8  1/2-1/2

[Event "Proclient Cup IMA"]
[Site "Olomouc CZE"]
[Date "2007.08.05"]
[Round "6"]
[White "Groetz,H"]
[Black "Tibensky,R"]
[Result "1/2-1/2"]
[WhiteElo "2347"]
[BlackElo "2433"]

1.e4 e6 2.d4 d5 3.Nd2 a6 4.Ngf3 c5 5.exd5 exd5 6.Be2 Nf6 7.O-O Be7 8.dxc5 Bxc5
9.Nb3 Bb6 10.Bg5 O-O 11.c3 Re8 12.Nfd4 h6 13.Bh4 Nc6 14.Re1 g5  1/2-1/2